BIBLIOTHÈQUE DE LA MAISON DU MEXIQUE

Logo 1 Logo 2

La mujer mexicana ante el divorcio eclesiástico (notice nᵒ 12494)

détails MARC
000 -Sello discográfico
campo de control de longitud fija 00879nam a2200301 4500
005 - Identificación de versión
campo de control 20250925141659.0
035 ## - Otros números de control del sistema
Número de control del sistema 10131
099 ## - fechas locales
Tipo de ítem Koha LIBRO
100 ## - Datos de procesamiento general
Datos de procesamiento general 19930801d1976 m y1spay5003 ba
105 ## - Campo de datos codificados: Material textual, monográfico
Datos codificados de monografía y 001zy
200 1# - Título y mención de responsabilidad
Título propio La mujer mexicana ante el divorcio eclesiástico
Designación general del material texto impreso
Otra información del título 1800-1857
Primer mención de responsabilidad Silvia M. Arrom
205 ## - Declaración de edición
Declaración de edición 1a ed
210 ## - Publicación, distribución, etc.
Lugar de publicación, distribución, etc. México
Nombre del editor, distribuidor, etc. Secretaría de Educación Pública
Fecha de publicación, distribución, etc. 1976
215 ## - Descripción física
Designación de material específico y extensión del ítem 222 p
Dimensiones 17 cm
345 ## - Nota de información de adquisición
Fuente de adquisición/dirección de la suscripción [OBSOLETO] Donación
410 #1 - Series
Título SepSetentas
Número de volumen 251
606 ## - Término temático usado como materia
Elemento de entrada Divorcio (Derecho canónico)
Número Koha 19208
606 ## - Término temático usado como materia
Elemento de entrada Divorcio
Subdivisión geográfica México
Número Koha 19209
660 ## - Código de área geográfica
Código MX
700 ## - Nombre personal - Responsabilidad primaria
Elemento de entrada Arrom
Parte del nombre distinta del elemento de entrada Silvia Marina
Fechas 1949-
Número Koha 19210
801 #0 - Fuente de origen
Agencia cm
900 ## -
-- 1/9453
900 ## -
-- 710935113\\010893
942 ## - ELEMENTOS DE ENTRADA SECUNDARIOS (KOHA)
Tipo de ítem Koha Livre
996 ## -
-- MEX
-- 751145101
-- MMAG
-- 001905
-- 082 S479 V.251
-- 20200729LIV
Exemplaires
Estatus retirado Estado de daño Estado de pérdida Fecha de adquisición Biblioteca de origen Biblioteca actual Ubicación en estantería Código de barras Precio de reemplazo Signatura topográfica completa No para préstamo Tipo de ítem Koha Nota pública Nota no pública
      05/08/2025 Casa México Paris Casa México Paris   001905 05/08/2025 082 S479 V.251   Livre 20200729LIV 751145101